Tome One Piece par image #3 - Statistiques

Statistiques générales
  • Ce quiz a été pris 283 fois
  • Le résultat moyen est 14 sur 16
Statistiques - réponses
Par images Réponse % Correct
2
100%
83
91%
102
90%
14
90%
11
89%
57
89%
61
89%
34
88%
69
88%
94
88%
27
87%
67
86%
95
86%
35
84%
89
83%
81
82%
Aucun quiz correspondant
Distribution des résultats
% des personnes avec chaque résultat
Percentile par nombre de réponses
Votre historique - résultats
Vous n’avez pas pris ce quiz